000 00501nam a2200181Ia 4500
001 12065
005 20260306162914.0
008 260306t2022||||xx |||||||||||||| ||spa||
041 _aESP
082 _aHR 340
_bSET 2022 DJ
110 _aGaceta Jurídica
245 0 _aDiálogo con la jurisprudencia:
_bactualidad jurisprudencial para jueces, fiscales y abogados litigantes
260 _c2022
300 _a247 páginas :
_c25 cm.
650 _aGEN
654 _aCDE
942 _cREV
_dJUS
_fJUS
_2ddc
_n
999 _c12065
_d12065